| 000 | 00484nam a22001937a 4500 | ||
|---|---|---|---|
| 003 | CEME | ||
| 005 | 20210628202933.0 | ||
| 008 | 210119b xxu||||| |||| 00| 0 eng d | ||
| 020 | _a9812-53-180-7 | ||
| 040 | _c, | ||
| 082 | _a620.001511313 ROS | ||
| 100 |
_aRoss, Timothy J _98632 |
||
| 245 | _aFuzzy logic with eingineering applications | ||
| 250 | _a2ND | ||
| 260 |
_aNEW DELHI _bJOHN WILEY _c2005 |
||
| 300 | _aXXI,627 P | ||
| 650 |
_aFUZZY LOGIC _960142 |
||
| 942 |
_cBK _2ddc |
||
| 999 |
_c571526 _d571526 |
||